| 000 | 00870nas a2200301 4500 | ||
|---|---|---|---|
| 001 | BR2010001668 | ||
| 003 | BR-BrBNA | ||
| 005 | 20231205114001.0 | ||
| 007 | ta | ||
| 008 | 230509b bl.|||p| |||| 00| 00por d | ||
| 040 |
_aBR-BrBNA _bpor _cBiblioteca Nacional de Agricultura |
||
| 041 | _a(Pt) | ||
| 072 | _aF62 | ||
| 100 | 1 | _aChepote, R.E. | |
| 100 | 1 | _aReis, E.L. | |
| 100 | 1 | _aAraujo, Q.R. de | |
| 100 | 1 | _aPacheco, R.G. | |
| 100 | 1 | _aValle, R.R. | |
| 245 | 1 | _aComportamento de clones de cacau cultivados sob diferentes tamanhos de covas | |
| 650 | _aCACAU | ||
| 650 | _aCRESCIMENTO | ||
| 650 | _aESTACA | ||
| 650 | _aLATOSSOLO | ||
| 773 | 0 |
_tAgrotrópica (Brazil) _xISSN 0103-3816 _g(Sep-Dec 2009), v. 21(3) p. 153-158 _wBR2010001668 |
|
| 856 | 4 | 0 | _dLink DSPACE/MAPA BR2010001668 |
| 909 |
_a202311 _bLúcia _c55 _dLúcia Elande |
||
| 942 |
_2AGRIS _n0 _cANA |
||
| 999 |
_c206575 _d206575 |
||